<?xml version="1.0" encoding="UTF-8"?>
<record
    xmlns:xsi="http://www.w3.org/2001/XMLSchema-instance"
    xsi:schemaLocation="http://www.loc.gov/MARC21/slim http://www.loc.gov/standards/marcxml/schema/MARC21slim.xsd"
    xmlns="http://www.loc.gov/MARC21/slim">

  <leader>00612nam a2200193   4500</leader>
  <datafield tag="999" ind1=" " ind2=" ">
    <subfield code="c">70904</subfield>
    <subfield code="d">70904</subfield>
  </datafield>
  <controlfield tag="001">10024</controlfield>
  <controlfield tag="003">OSt</controlfield>
  <controlfield tag="005">20210701134723.0</controlfield>
  <controlfield tag="007">tu</controlfield>
  <controlfield tag="008">      d17951799|||                 ger</controlfield>
  <datafield tag="040" ind1=" " ind2=" ">
    <subfield code="c">STAFF</subfield>
    <subfield code="d">STAFF</subfield>
  </datafield>
  <datafield tag="100" ind1="1" ind2=" ">
    <subfield code="a">Zschokke, Heinrich</subfield>
  </datafield>
  <datafield tag="245" ind1="0" ind2="0">
    <subfield code="a">Kuno von Kyburg nahm die Silberlocke des Enthaupteten und ward Zerst&#xF6;rer des heimlichen Vehm-Gerichts</subfield>
    <subfield code="b">Eine Kunde der V&#xE4;ter erz&#xE4;hlt vom Verfasser der schwarzen Br&#xFC;der [d. i. Heinrich Zschokke].</subfield>
    <subfield code="c">Heinrich Zschokke</subfield>
  </datafield>
  <datafield tag="264" ind1=" " ind2=" ">
    <subfield code="a">Berlin</subfield>
    <subfield code="b">Maurer</subfield>
    <subfield code="c">1795 - 1799</subfield>
  </datafield>
  <datafield tag="365" ind1=" " ind2=" ">
    <subfield code="c">DEM</subfield>
  </datafield>
  <datafield tag="500" ind1=" " ind2=" ">
    <subfield code="a">Bd.2.</subfield>
  </datafield>
  <datafield tag="546" ind1=" " ind2=" ">
    <subfield code="a">deutsch</subfield>
  </datafield>
  <datafield tag="942" ind1=" " ind2=" ">
    <subfield code="2">z</subfield>
    <subfield code="c">B</subfield>
  </datafield>
  <datafield tag="952" ind1=" " ind2=" ">
    <subfield code="0">0</subfield>
    <subfield code="1">0</subfield>
    <subfield code="2">z</subfield>
    <subfield code="4">0</subfield>
    <subfield code="7">0</subfield>
    <subfield code="a">StAFF</subfield>
    <subfield code="b">StAFF</subfield>
    <subfield code="d">2020-11-25</subfield>
    <subfield code="f">M</subfield>
    <subfield code="l">0</subfield>
    <subfield code="o">I: 0226 [2.]</subfield>
    <subfield code="r">2020-11-25 00:00:00</subfield>
    <subfield code="w">2020-11-25</subfield>
    <subfield code="y">B</subfield>
  </datafield>
</record>
